000 00595nam a2200229u 4500
001 32694
003 BD-RjUL
005 20211209051900.0
008 140428s1946 pk 000 0 eng d
035 _a(BD-RjUL)32784
040 _aDLC
_cCarP
_dDLC
_beng
041 _aeng
082 0 4 _bKHV 1946
100 1 _aKhan, Abdul Majid. [from old catalog]
_999452
245 1 0 _aVital Islam /
_cAbdul Majid Khan
260 _aLahore :
_bModern Publications ,
_c1946.
300 _a109 p. ;
_c19 cm.
650 0 _aIslam.
_999453
942 _2ddc
_cBK
999 _c32694
_d32694